000 005090000a22001810004500
003 MACL
005 20160519170416.0
008 160519b xxu||||| |||| 00| 0 eng d
040 _aMACL
_cMACL
041 _aHindi
082 _a891.433
100 _aबनफूल
_956925
245 _aअदृश्‍यलोक
_cबनफूल
260 _bएस के पब्लिशर्स
_c2002
_aदिल्‍ली
350 _a150
650 _aStories
_958318
942 _cHIN
_k800/BAN/S
_2ddc
999 _c11124
_d11124